[Event "SZFO-ch"]
[Site "St Petersburg"]
[Date "2009.03.28"]
[Round "8"]
[White "Suleymanyants, Odisey"]
[Black "Sandrin, Vladimir"]
[Result "1-0"]
[WhiteElo "2311"]
[BlackElo "2320"]
[PlyCount "135"]
[EventDate "2009.03.23"]
[EventType "swiss"]
[EventRounds "9"]
[EventCountry "RUS"]
[SourceTitle "EXT 2010"]
[Source "ChessBase"]
[SourceDate "2010.11.25"]
[SourceVersion "1"]
[SourceVersionDate "2010.11.25"]
[SourceQuality "1"]

1. e4 e6 2. d4 d5 3. Nc3 dxe4 4. Nxe4 Nd7 5. Nf3 Ngf6 6. Nxf6+ Nxf6 7. Be2 Be7 8. 0-0 0-0 9. Bg5 h6 10. Bh4 b6 11. c3 Bb7 12. Ne5 Nd7 13. Bxe7 Qxe7 14. f4 Rad8 15. Bf3 Nxe5 16. Bxb7 c5 17. Be4 Nc4 18. Qe2 Nd6 19. Bc2 cxd4 20. f5 Ne8 21. fxe6 d3 22. exf7+ Rxf7 23. Bxd3 Qc5+ 24. Kh1 Rfd7 25. Bb5 Re7 26. Qc4+ Qxc4 27. Bxc4+ Kh7 28. Rad1 Rxd1 29. Rxd1 Kg6 30. Kg1 Nf6 31. Rd4 Kf5 32. Bd3+ Ke5 33. Kf2 g5 34. Ke2 Rc7 35. Rb4 Re7 36. Rd4 Rc7 37. Rb4 Re7 38. Kd2 Rd7 39. g3 Rd6 40. a4 Ng8 41. Rb5+ Ke6 42. a5 Nf6 43. axb6 axb6 44. Ke2 Ke7 45. Re5+ Re6 46. Rxe6+ Kxe6 47. Kf3 Kd5 48. Be2 Ke5 49. Ke3 Kd5 50. b4 Ke5 51. c4 Ne4 52. Bf3 Nf6 53. Kd3 Nd7 54. Kc3 Nf6 55. c5 bxc5 56. bxc5 h5 57. Kc4 h4 58. Kb5 hxg3 59. hxg3 Ke6 60. Ka6 Kd7 61. Kb7 Kd8 62. g4 Ne8 63. Kc6 Nf6 64. Kd6 Ng8 65. Ke6 Nh6 66. Kf6 Kc7 67. Kxg5 Nf7+ 68. Kf6 1-0

[Event "SZFO-ch"]
[Site "St Petersburg"]
[Date "2009.03.23"]
[Round "1"]
[White "Sandrin, Vladimir"]
[Black "Davydov, Pyotr"]
[Result "1-0"]
[WhiteElo "2320"]
[BlackElo "1997"]
[PlyCount "105"]
[EventDate "2009.03.23"]
[EventType "swiss"]
[EventRounds "9"]
[EventCountry "RUS"]
[SourceTitle "EXT 2010"]
[Source "ChessBase"]
[SourceDate "2010.11.25"]
[SourceVersion "1"]
[SourceVersionDate "2010.11.25"]
[SourceQuality "1"]

1. d4 Nf6 2. g3 d5 3. Bg2 Bf5 4. c4 c6 5. Nc3 e6 6. Nf3 Bd6 7. 0-0 Nbd7 8. b3 0-0 9. Nh4 Bg6 10. Nxg6 hxg6 11. e4 dxe4 12. Nxe4 Nxe4 13. Bxe4 Nf6 14. Bg2 e5 15. Bb2 Re8 16. Re1 exd4 17. Qxd4 Rxe1+ 18. Rxe1 Bb4 19. Rd1 Qxd4 20. Bxd4 Rd8 21. Bf3 c5 22. Bb2 Rxd1+ 23. Bxd1 a6 24. a3 Ba5 25. Bf3 b5 26. Bb7 bxc4 27. bxc4 Kf8 28. Bxa6 Ke7 29. Bb7 Kd6 30. f3 Ne8 31. Kf2 f6 32. h4 Ke7 33. g4 Nd6 34. Bd5 Bd2 35. Ke2 Ba5 36. Bc1 Nc8 37. Be3 Kd6 38. Bf7 Ne7 39. Bf4+ Kd7 40. Bg3 Bc3 41. Kd3 Bb2 42. a4 Nc6 43. Bxg6 Ne5+ 44. Bxe5 Bxe5 45. a5 Bg3 46. h5 Kc7 47. Be4 Be1 48. a6 Kb6 49. Bb7 Bf2 50. Ke4 Kc7 51. Kf5 Be3 52. Kg6 Bh6 53. f4 1-0